000 01153cam a22003011 4500
001 e 57000040
003 DLC
005 20260227111236.0
008 870922s1957 dcua b f000 0 eng
010 _ae 57000040
035 _a(OCoLC)16729530
040 _aDLC
_cOrPS
_dDLC
043 _ae-gx---
050 0 0 _aL111
_b.A6 1957, no. 12
051 _aLA721.82
_b.L47
082 _a370.943
100 1 _aLindegren, Alina Marie,
_d1887-
245 1 0 _aGermany revisited;
_beducation in the Federal Republic.
260 _a[Washington]
_bU.S. Dept. of Health, Education, and Welfare, Office of Education
_c[1957]
300 _aviii, 107 p.
_billus.
_c23 cm.
490 1 _a[U.S. Office of Education] Bulletin 1957,
_vno. 12
501 _aCopy 2 with: Costs of attending college / Victor Ernest Hollis. Washington : Govt. Print. Off., 1957. Bound together subsequent to publication.
_5DLC
504 _aBibliography: p. 101-107.
650 0 _aEducation
_zGermany
_xHistory
_y20th century.
650 0 _aUniversities and colleges
_zGermany.
650 0 _aEducation, Higher.
830 0 _aBulletin (United States. Office of Education) ;
_v1957. no. 12.
999 _c22283
_d22283